| 000 | 00595nam a2200181 a 4500 | ||
|---|---|---|---|
| 005 | 20240920063845.0 | ||
| 008 | 991125s1962 cu 000 0 spa u | ||
| 035 | _aUPN01000012637 | ||
| 049 | _aCG | ||
| 050 | 4 |
_aLC189 _bC8.2 |
|
| 111 | 2 |
_aConferencia de Educación y Desarrollo Económico y Social _d(1962 : _cSantiago de Chile) |
|
| 245 | 1 | 0 | _aCuba y la conferencia de educación y desarrollo económico y social. |
| 260 |
_aLa Habana : _bNacional de Cuba, _c1962. |
||
| 300 | _a180 p. | ||
| 650 | 4 |
_aEducación _xAspectos sociales _95311 |
|
| 650 | 4 |
_aEducación _zCuba _95885 |
|
| 905 | _aLibro | ||
| 999 |
_c12637 _d12637 |
||